000 00597nam a2200121Ia 4500
008 220615s9999||||xx |||||||||||||| ||und||
100 _aWayne Cutler (Ed.)
245 0 _aCorrespondence of James K. Polk, Volume XI, 1846
546 _aEnglish[eng]
650 _aTennessee--Governors--Correspondence||James Knox Polk||United States--Politics and government--1845-1849--Sources||1795-1849||Tennessee--Politics and government--To 1865--Sources||Presidents--United States--Correspondence||Pres. U.S.
856 _uhttp://trace.tennessee.edu/cgi/viewcontent.cgi?article=1001&context=utk_polk
942 _cEB
999 _c9605
_d9605